000 00267cam a2200109ua 4500
082 _a821
_bAUD/OX
100 _aAuden, W H .
_91958
245 _aOxford Book of Light Verse /
260 _aLondon :
_bOxford University Press ,
_c1962.
300 _a533 ; .
942 _cBK
999 _c5854
_d5854